00422pab a2200145 454500008004000000100002100040245007700061260000900138300001500147362001100162650002900173650003100202650002300233773002000256180718b2012 xxu||||| |||| 00| 0 eng d aBenjamin, Joseph aSocial exclusion and higher education policy in India: Looming questions c2012 ap.11-19,22 a24 Dec aHigher education - India aEducational policy - India aEducational policy aUniversity News